|
|
|
|
| LEADER |
01307nam a2200373Ia 4500 |
| 001 |
EBC981730 |
| 003 |
MiAaPQ |
| 005 |
20200520144314.0 |
| 006 |
m o d | |
| 007 |
cr cn||||||||| |
| 008 |
120206s2012 nyu sb 001 0 eng d |
| 010 |
|
|
|z 2012003786
|
| 020 |
|
|
|z 9780415699778 (hb)
|
| 020 |
|
|
|a 9780203105252 (electronic bk.)
|
| 035 |
|
|
|a (MiAaPQ)EBC981730
|
| 035 |
|
|
|a (Au-PeEL)EBL981730
|
| 035 |
|
|
|a (CaPaEBR)ebr10578065
|
| 035 |
|
|
|a (CaONFJC)MIL371504
|
| 035 |
|
|
|a (OCoLC)798209412
|
| 040 |
|
|
|a MiAaPQ
|c MiAaPQ
|d MiAaPQ
|
| 050 |
|
4 |
|a HF1008
|b .B76 2012
|
| 082 |
0 |
4 |
|a 338.501
|2 23
|
| 100 |
1 |
|
|a Brouwer, Maria,
|d 1960-
|
| 245 |
1 |
0 |
|a Organizations, individualism, and economic theory
|h [electronic resource] /
|c Maria Brouwer.
|
| 260 |
|
|
|a New York, NY :
|b Routledge,
|c 2012.
|
| 300 |
|
|
|a xiv, 272 p.
|
| 504 |
|
|
|a Includes bibliographical references and index.
|
| 533 |
|
|
|a Electronic reproduction. Ann Arbor, MI : ProQuest, 2015. Available via World Wide Web. Access may be limited to ProQuest affiliated libraries.
|
| 650 |
|
0 |
|a Business enterprises.
|
| 650 |
|
0 |
|a Economics.
|
| 650 |
|
0 |
|a Individualism.
|
| 655 |
|
4 |
|a Electronic books.
|
| 710 |
2 |
|
|a ProQuest (Firm)
|
| 856 |
4 |
0 |
|u https://ebookcentral.proquest.com/lib/matrademy/detail.action?docID=981730
|z Click to View
|